Central Library OPAC University of Rajshahi

Alone to Everest / (Record no. 17398)

MARC details
000 -LEADER
fixed length control field 00632nam a22002411 4500
001 - CONTROL NUMBER
control field 17398
003 - CONTROL NUMBER IDENTIFIER
rucl marc code BD-RjUL
005 - DATE AND TIME OF LATEST TRANSACTION
control field 20211209000131.0
008 - FIXED-LENGTH DATA ELEMENTS--GENERAL INFORMATION
fixed length control field 140217s1954 enka 000 0 eng
035 ## - SYSTEM CONTROL NUMBER
System control number (BD-RjUL)17456
System control number BD-RjUL
040 ## - CATALOGING SOURCE
Original cataloging agency DLC
Transcribing agency PP
Modifying agency NcRS
-- Uk
-- BD-RjUL
Language of cataloging eng
041 ## - LANGUAGE CODE
Language code of text/sound track or separate title eng
082 ## - DEWEY DECIMAL CLASSIFICATION NUMBER
Classification number 915.42
Author mark and year DEA 1954
100 1# - MAIN ENTRY--PERSONAL NAME
Personal name Denman, Earl.
9 (RLIN) 53620
245 10 - TITLE STATEMENT
Title Alone to Everest /
260 ## - PUBLICATION, DISTRIBUTION, ETC. (IMPRINT)
Place of publication, distribution, etc. London :
Name of publisher, distributor, etc. Collins ,
Date of publication, distribution, etc. 1954
300 ## - PHYSICAL DESCRIPTION
Pagination 255 p. :
Illustrations illus. ;
Size 22 cm.
651 #0 - SUBJECT ADDED ENTRY--GEOGRAPHIC NAME
Geographic name Everest, Mount (China and Nepal)
9 (RLIN) 35381
942 ## - ADDED ENTRY ELEMENTS (KOHA)
Source of classification or shelving scheme Dewey Decimal Classification
Koha item type Books
Holdings
Lost status Source of classification or shelving scheme Damaged status Not for loan Collection code Permanent Location Current Location Shelving location Date acquired Source of acquisition Cost, normal purchase price Total Checkouts Full call number Date last seen Copy number Koha item type
  Dewey Decimal Classification   Not For Loan Non-fiction Central Library, University of Rajshahi Central Library, University of Rajshahi Reading Room 21/05/1955 Pak.Co-op. book Socities. 8.00   915.42 DEA 1954 17/02/2014 C-1 Books
  Dewey Decimal Classification     Non-fiction Central Library, University of Rajshahi Central Library, University of Rajshahi   12/02/1956 O.B. & Stationey co 13.00   915.42 DEA 1954 29/12/2019 C-2 Books